[Event "103rd Marshall Chess Club-ch 2019"]
[Site "New York"]
[Date "2019.11.14"]
[Round "1"]
[White "Barbosa, Oliver"]
[Black "Sturt, Raven"]
[Result "0-1"]
[WhiteElo "2532"]
[BlackElo "2466"]
[Annotator "TA"]
[PlyCount "106"]
[EventDate "2019.11.14"]
[EventType "tourn"]
[EventCountry "USA"]
[SourceTitle "playchess.com"]
[Source "ChessBase"]
[SourceQuality "1"]

{[%evp 14,106,22,-8,18,-8,45,30,23,19,30,0,49,3,37,0,20,0,0,0,14,0,25,0,27,-20,36,20,68,-15,96,-9,-3,-5,-7,-195,0,-117,-48,-66,-77,-98,-19,-57,-28,-421,-448,-512,-463,-441,-431,-804,-734,-781,-770,-814,-582,-581,-570,-902,-885,-825,-772,-723,-742,-816,-762,-764,-770,-1085,-1075,-952,-661,-671,-667,-658,-645,-700,-685,-674,-664,-1090,-1083,-1254,-1121,-1452,-1524,-2022,-2022,-1837,-1779,-5365,-4581,-29971,-29970]} 1. Nf3 Nf6 2. c4 e6 3. g3 b6 4. Bg2 Bb7 5. O-O Be7 6. b3 O-O 7. Bb2 c5 8. e3 Qc7 {A30: Symmetrical English: Double Fianchetto and Hedgehog} 9. Nc3 a6 (9... d5 $11) 10. Qe2 d6 {White has an edge.} 11. Rac1 Nbd7 12. e4 $146 ({Predecessor:} 12. h3 Rfe8 13. d3 Rad8 {1-0 (33) Bruzon Batista,L (2643)-Thavandiran,S (2419) Greensboro 2019}) 12... Rfe8 13. d3 Rad8 14. h3 Nb8 {[%cal Bd7b8,Bb8c6,Bc6d4][%mdl 32]} 15. Nh2 Nc6 16. f4 Nd4 17. Qf2 Nd7 18. Nd1 Qb8 19. h4 {[#]} b5 (19... d5 $1 $11 {[%mdl 512]}) 20. Ne3 $14 Bf8 21. g4 {[#]} (21. Nf3 $14) 21... Nb6 (21... d5 $1 $11 {[%mdl 512]}) 22. f5 ({White should play} 22. Nc2 $16) 22... d5 $1 $11 {White must now prevent ...Bd6.} 23. fxe6 fxe6 {Threatens to win with ...Bd6.} 24. cxb5 $2 (24. cxd5 $11 exd5 25. Nf5 dxe4 26. Nxd4 cxd4 27. Bxd4) 24... axb5 $2 ({Black should try} 24... Bd6 $1 $19 {Hoping for ...Rf8.} 25. Nf3 Rf8) 25. e5 (25. Nf3 $11 Nxf3+ 26. Qxf3) 25... b4 (25... Nd7 $17 26. Nc2 Nc6) 26. g5 $15 Ba6 27. Rcd1 Nd7 (27... Qxe5 $17 28. Nf3 (28. Bxd4 $2 Qxd4 29. g6 hxg6 $17) 28... Nxf3+ 29. Bxf3 d4) 28. Nhg4 Nxe5 29. h5 $2 {[%mdl 8192]} (29. Bxd4 $1 $11 cxd4 30. Nxe5 Qxe5 31. Ng4) 29... Nxd3 $19 30. Qf7+ Kh8 31. h6 {[#]} Ne5 $1 {[%cal Re5f7][%mdl 64] Discovered Attack} ({And not} 31... Nxb2 {[#]} 32. Nf6 $1 $11 {[%mdl 512]}) 32. Qh5 (32. Qf2 $142 Bxf1 33. Bxf1) 32... Ne2+ 33. Kf2 d4 34. Ke1 Nd3+ 35. Rxd3 Bxd3 36. Rf3 Nf4 37. Qh2 Nxg2+ 38. Qxg2 e5 39. Nf5 Bxf5 40. Rxf5 Qa8 41. Rf3 Qxa2 {Strongly threatening ...Qb1+.} 42. Qc2 Qa8 43. Qf5 Qc8 44. Qe4 {next hxg7+ is good for White.} Rd7 45. g6 gxh6 46. Nf6 Rg7 47. Nxh7 Be7 48. Bc1 Qe6 49. Bxh6 Rxg6 50. Ng5 Rxg5 51. Bxg5 Bxg5 52. Rg3 Qh6 53. Ke2 {[#]} c4 $1 {Accuracy: White = 22%, Black = 40%.} 0-1

[Event "103rd Marshall Chess Club-ch 2019"]
[Site "New York"]
[Date "2019.11.14"]
[Round "1"]
[White "Yudasin, Leonid"]
[Black "Paragua, Mark"]
[Result "1/2-1/2"]
[WhiteElo "2507"]
[BlackElo "2496"]
[Annotator "TA"]
[PlyCount "95"]
[EventDate "2019.11.14"]
[EventType "tourn"]
[EventCountry "USA"]
[SourceTitle "playchess.com"]
[Source "ChessBase"]
[SourceQuality "1"]

{[%evp 9,95,32,6,3,16,14,18,0,26,0,10,-9,-20,-19,0,-21,-10,-29,-11,-25,-14,-31,-35,-44,-25,-53,-31,-31,0,0,14,12,9,0,0,-188,-38,-34,-28,-56,0,-65,0,0,-7,-12,0,0,0,0,0,0,0,0,0,0,0,0,0,-27,0,0,0,0,0,0,10,-31,-29,-44,0,0,0,0,0,-29,-29,-64,-49,-81,-79,-110,-57,-56,-9,-48,-48,-55]} 1. e4 c5 2. Nf3 e6 3. b3 a6 (3... b6 4. Bb2 Bb7 5. Qe2 Nc6 6. g3 Nf6 7. Bg2 d6 8. O-O e5 9. Nc3 g6 10. Nd5 Bg7 11. c4 O-O 12. d3 Bc8 13. h3 {½-½ (63) Akopian,V (2650)-Inarkiev,E (2693) St Petersburg 2018}) 4. g3 Nc6 5. Bg2 d5 6. exd5 {B40: Sicilian: 2...e6, Unusual lines} exd5 7. O-O Nf6 $146 ({Predecessor:} 7... d4 8. Re1+ Be7 9. Na3 Nf6 10. Nc4 O-O 11. a4 {½-½ (19) Lagunes,J (2116)-Schmitt,C (1831) St Chely d'Aubrac 2011}) 8. d4 {The position is equal.} Be7 9. Bb2 O-O 10. Nbd2 Bg4 11. h3 Bh5 12. dxc5 Bxc5 13. g4 Bg6 14. Nh4 $1 Re8 15. Nxg6 hxg6 16. c4 d4 17. Qf3 Qa5 18. Rfd1 Bb4 19. Nf1 $1 Rad8 20. a3 $1 {[%cal Ra3b4]} Bc3 21. b4 Qe5 22. Rab1 $2 {[#]} (22. Bxc3 $1 $11 dxc3 23. Rxd8 Rxd8 24. Qe3) 22... Bxb2 (22... d3 $1 $19 {[%mdl 512]} 23. Bc1 (23. Rxd3 Rxd3) 23... Nd4 24. Qxb7 Ne2+ 25. Kh1 Nxc1 26. Rbxc1 Qe2) 23. Rxb2 $15 d3 24. Rbd2 Qg5 (24... Nd4 $15 25. Qxd3 Ne2+ {[%mdl 64] Discovered Attack} 26. Qxe2 Qxe2 27. Rxe2 Rxd1 28. Rxe8+ Nxe8 29. Bxb7 Nc7) 25. Kh1 (25. Qg3 $11 Nd4 26. Qxd3) 25... Rd4 (25... a5 $1 $15) 26. Rxd3 Ne5 27. Rxd4 Nxf3 28. Bxf3 Qh4 29. Kg2 Nh7 {With the idea ...Ng5.} 30. Bd5 Ng5 31. R1d3 $1 {[#]} Re2 $1 {[%mdl 512]} 32. Rf4 Ne6 33. Bxe6 Rxe6 34. Ne3 Qg5 35. Rfd4 Kh7 36. c5 Qe5 37. Nc4 Qc7 38. Ne3 Qc6+ {[%mdl 1024] Black has compensation.} 39. Kg3 g5 40. Rd7 Qe4 41. R3d4 Qb1 {White must now prevent ...Qg1+.} 42. Rd1 Qa2 43. R7d3 ({Don't play} 43. Rxb7 Rf6 $17) 43... a5 44. bxa5 Qb2 45. Kg2 Qb5 (45... Qe5 $17) 46. Rd5 Qxa5 47. c6 Qc7 48. cxb7 {Accuracy: White = 53%, Black = 43%.} 1/2-1/2

[Event "103rd Marshall Chess Club-ch 2019"]
[Site "New York"]
[Date "2019.11.14"]
[Round "1"]
[White "Panjwani, Raja"]
[Black "Steingrimsson, Hedinn"]
[Result "1/2-1/2"]
[WhiteElo "2450"]
[BlackElo "2549"]
[Annotator "TA"]
[PlyCount "82"]
[EventDate "2019.11.14"]
[EventType "tourn"]
[EventCountry "USA"]
[SourceTitle "playchess.com"]
[Source "ChessBase"]
[SourceQuality "1"]

{[%evp 12,82,7,8,13,8,22,14,10,14,37,27,45,22,45,27,39,33,22,21,13,6,14,0,8,0,29,29,98,69,105,56,51,61,112,141,146,166,219,222,219,50,74,131,122,0,0,-188,0,0,0,0,0,0,0,0,0,0,0,0,0,0,0,-638,-590,-513,0,0,0,0,0,0,0]} 1. Nf3 d5 2. g3 c6 3. Bg2 Bg4 4. O-O Nd7 5. d3 Ngf6 6. c4 dxc4 7. dxc4 e5 {A11: English Opening: 1...c6} 8. Qc2 Bc5 9. Nc3 O-O 10. h3 Bh5 (10... Bxf3 $5 11. Bxf3 Qe7 $11) 11. Nh4 Re8 12. b3 $146 ({Predecessor:} 12. a3 a5 13. e3 Qc7 {½-½ (46) Kramnik,V (2811)-Oparin,G (2604) Zuerich 2017}) 12... a5 13. Bb2 Qe7 14. Na4 Ba3 15. Bxa3 Qxa3 16. g4 Bg6 $1 {[%cal Rg6c2]} 17. Nxg6 hxg6 18. c5 g5 19. Rfd1 e4 (19... Rad8 $11) 20. Rd4 $36 {[%mdl 2048] White is more active.} e3 21. f4 gxf4 22. Rad1 $1 Nd5 (22... Rab8 $14) 23. Bxd5 cxd5 24. Rxf4 Re5 (24... Rad8 {keeps fighting.}) 25. Rd3 $1 $18 {Black must now prevent b4.} b5 26. Rc3 $2 ({White should play} 26. c6 $18 Rc8 27. cxd7 $1 {[%mdl 512]} Rxc2 28. d8=Q+ {[%mdl 64] Double Attack} Qf8 29. Qxf8+ (29. Rxd5 Rxd5 30. Qxd5 bxa4 $14) 29... Kxf8 30. Nb6) 26... Re4 (26... g5 $6 27. Rd4 $16) 27. Rxe4 dxe4 28. c6 ({Better is} 28. Qxe4 $16 Rf8 29. Nb6 (29. Qxe3 bxa4 30. c6 Nf6 $17)) 28... Qd6 $11 {...Qg3+ is the strong threat.} 29. Qxe4 $2 (29. Rxe3 $11 {and White stays safe.} Nf6 30. Nb6) 29... Qd1+ $2 ({Worse is} 29... bxa4 30. cxd7 Rd8 31. Qe8+ (31. Rxe3 Qxd7 32. bxa4 Qd2 $16) 31... Kh7 32. Rxe3 $16 (32. Qxd8 Qg3+ 33. Kh1 Qxh3+ 34. Kg1 Qg3+ 35. Kh1 Qh3+ 36. Kg1 Qg3+ 37. Kh1 Qh3+ $11) (32. Qxe3 Qxd7 33. Kf2 axb3 $16)) (29... Nf6 $19 30. Qxe3 bxa4) 30. Kh2 Nf6 31. Qd3 Qe1 32. c7 Rc8 33. Nb6 Qf2+ 34. Kh1 Qf1+ 35. Kh2 Qf2+ 36. Kh1 Rxc7 37. Qd8+ $2 {[%mdl 8192]} (37. Rxc7 $11 Qf1+ 38. Kh2 Qf4+ 39. Kg2 Qf2+ 40. Kh1 Qf1+ 41. Kh2 Qf4+ 42. Kg2 Qf2+ 43. Kh1) 37... Kh7 $19 38. Qd3+ {[#]} g6 $2 (38... Ne4 $1 $19 {[%mdl 512] ( -> ...Qf1+)} 39. Qxe4+ (39. Rxc7 $2 {is the wrong capture.} Qe1+ 40. Kh2 Qg3+ 41. Kh1 Qxh3+ 42. Kg1 Qxg4+ 43. Kh1 Qh4+ 44. Kg2 Qf2+ 45. Kh1 f5 $19) 39... f5 40. Qxe3 Qe1+ {[%mdl 64] Double Attack} 41. Kg2 Qxc3) 39. Rxc7 $11 {The position is equal.} Qf1+ 40. Kh2 Qf4+ 41. Kg2 Qf2+ {Accuracy: White = 53%, Black = 31%.} 1/2-1/2

[Event "103rd Marshall Chess Club-ch 2019"]
[Site "New York"]
[Date "2019.11.14"]
[Round "1"]
[White "Korley, Kassa"]
[Black "Krush, Irina"]
[Result "1/2-1/2"]
[WhiteElo "2447"]
[BlackElo "2424"]
[Annotator "TA"]
[PlyCount "93"]
[EventDate "2019.11.14"]
[EventType "tourn"]
[EventCountry "USA"]
[SourceTitle "playchess.com"]
[Source "ChessBase"]
[SourceQuality "1"]

{[%evp 9,93,0,0,0,0,0,2,0,0,-27,0,0,0,0,0,0,0,0,0,0,0,0,0,0,0,0,0,0,0,0,0,0,0,-9,0,0,0,0,0,0,22,18,64,58,59,64,65,19,34,34,94,85,101,102,92,99,140,138,139,131,122,95,95,95,104,112,283,137,143,20,18,0,0,0,0,0,0,0,0,0,0,0,0,0,0,0]} 1. d4 d5 2. Nf3 Nf6 3. e3 c5 4. a3 (4. dxc5 e6 5. c4 Bxc5 6. a3 O-O 7. Nc3 dxc4 8. Qxd8 Rxd8 9. Bxc4 a6 10. Be2 b5 11. O-O Bb7 12. Bd2 Nbd7 13. Rfd1 Be7 14. Nd4 Nb6 {0-1 (47) Karjakin,S (2750)-Ding,L (2805) Saint Louis 2019}) 4... cxd4 5. exd4 Nc6 6. Bd3 {D04: Colle System} Bg4 7. c3 e6 8. h3 $146 ({Predecessor:} 8. Bg5 Qb6 9. Qc2 Bxf3 10. gxf3 {½-½ (24) Gaprindashvili,V (2489)-Margvelashvili,G (2432) Tbilisi 2007}) 8... Bh5 9. O-O Qc7 10. Be3 Bd6 11. Nbd2 O-O 12. Re1 Rab8 13. Qb1 Bg6 14. Bxg6 hxg6 15. a4 a6 16. Qd3 Rfc8 17. Rec1 Na5 18. b3 b5 19. axb5 axb5 20. Qf1 Qd8 21. Bg5 b4 22. c4 dxc4 23. bxc4 b3 {Strongly threatening ...b2.} 24. Rcb1 Rb4 25. Ne5 Qc7 26. Nd3 Rb7 27. Ra4 Nc6 28. Be3 (28. c5 $5 {[%cal Rc5d6]} Bh2+ 29. Kh1 $14) 28... Rcb8 29. Qd1 {[%cal Rb1b3]} Qd7 (29... Ne7 $1 $14) 30. Rxb3 $16 Rxb3 31. Nxb3 Ne4 {[#]} 32. Ra1 $1 Bc7 33. Nbc5 Nxc5 34. Nxc5 Qe7 35. Na6 Rd8 {With the idea ...Be5.} 36. Nxc7 Qxc7 37. Qg4 Na5 $2 (37... Ne7 $16 {might work better.}) 38. c5 (38. Bf4 $18 Qb6 39. c5) 38... Nc6 39. Bg5 (39. Qe4 $16) 39... Rxd4 $11 {The position is equal.} 40. Ra8+ Kh7 41. f4 {[%cal Rg4h4]} Nb8 42. Qh4+ Kg8 {And now ...f6 would win.} 43. Be7 {Hoping for Bd6.} Qb7 44. Bd6 $1 Qxa8 45. Qd8+ {[%mdl 64] [#] Double Attack} Kh7 46. Qh4+ Kg8 47. Qd8+ {[%mdl 64] Double Attack. Accuracy: White = 68%, Black = 66%.} 1/2-1/2

[Event "103rd Marshall Chess Club-ch 2019"]
[Site "New York"]
[Date "2019.11.14"]
[Round "1"]
[White "Niemann, Hans Moke"]
[Black "Khamrakulov, Djurabek"]
[Result "0-1"]
[WhiteElo "2436"]
[BlackElo "2517"]
[Annotator "TA"]
[PlyCount "90"]
[EventDate "2019.11.14"]
[EventType "tourn"]
[EventCountry "USA"]
[SourceTitle "playchess.com"]
[Source "ChessBase"]
[SourceQuality "1"]

{[%evp 10,90,-6,-17,4,-46,16,12,13,1,13,20,20,6,12,18,16,24,12,14,27,37,47,51,54,41,42,51,74,62,73,76,75,70,66,29,25,16,19,12,14,0,0,0,0,0,0,0,0,-19,-14,-21,-15,-11,0,-23,-11,-14,0,-113,-105,-770,-758,-948,-943,-993,-798,-762,0,-887,0,-762,-752,-995,-946,-857,-808,-1120,-1120,-1350,-1350,-29973,-528]} 1. d4 Nf6 2. c4 e6 3. Nf3 d5 4. g3 dxc4 5. Qa4+ Nbd7 6. Bg2 a6 {E02: Open Catalan: 5 Qa4+} 7. Ne5 (7. Nc3 Be7 8. Qxc4 b5 9. Qd3 Bb7 10. O-O c5 11. b3 O-O 12. Bb2 Rc8 13. Rfd1 Qa5 14. e4 cxd4 15. Nxd4 Nc5 16. Qe3 {0-1 (27) Fedoseev,V (2718)-Adly,A (2637) Riadh 2017}) 7... Be7 (7... c5 $15) 8. O-O O-O {The position is equal.} 9. Nxc4 $146 ({Predecessor:} 9. Nxd7 Qxd7 10. Qxc4 Rd8 11. Nd2 Qxd4 12. Qxc7 Qc5 13. Qxc5 Bxc5 14. Nb3 Bb6 {1-0 (31) Burmakin,V (2582)-Dias,P (2443) Navalmoral 2007}) 9... c5 10. dxc5 Bxc5 11. Be3 (11. Qb3 {feels hotter.} Ra7 12. a4 b6 13. Nc3 Bb7 14. Rd1) 11... Bxe3 12. Nxe3 Rb8 13. Nd2 b5 14. Qa3 b4 15. Qa4 Nc5 16. Qc2 Bb7 17. Bxb7 Rxb7 18. Nb3 Nce4 19. Rad1 Qb6 20. Rd4 Rc7 21. Qd3 Nc5 22. Nxc5 Rxc5 23. Rd1 a5 24. Rd6 Qc7 25. Rd8 h5 26. Rd4 Rc8 27. Kg2 g6 28. b3 Qb7+ 29. Kg1 Rc3 30. Qd2 Ne4 31. Rd8+ Kh7 32. Qd4 {[%csl Gd8][%cal Rd4h8]} Rxd8 33. Qxd8 {aiming for Rd7!} Rc8 34. Qxa5 (34. Rd7 $11 {remains equal.} Rxd8 35. Rxb7) 34... Nc3 $17 {[%mdl 64] Double Attack} 35. Rd2 $2 {[%mdl 8192] [#]} (35. Rd8 $17) 35... Nxe2+ $1 $19 {[%mdl 512]} 36. Kf1 {[#]} (36. Rxe2 Rc1+) 36... Qf3 $1 {[%mdl 512] ( -> ...Rc1+)} 37. Nc4 Nc3 {[%cal Rf3h1]} 38. Kg1 Ne2+ 39. Kf1 Nc3 $40 {[%cal Rf3h1][%mdl 128] Black attacks.} 40. Kg1 Ne4 41. Rb2 {[#]} h4 $1 {[%mdl 512]} 42. gxh4 Rc5 43. Qa7 Kg7 44. h3 Qxh3 45. Re2 Qxh4 {Accuracy: White = 37%, Black = 67%.} (45... Qg4+ $142 46. Kf1 Qxh4 47. Rxe4 Qh1+ {[%mdl 64] Zwischenzug} 48. Ke2 Qxe4+ 49. Kf1 Qd3+ 50. Ke1 Rg5 51. f4 Qb1+ 52. Ke2 Qc2+ 53. Ke3 Rg3+ 54. Kd4 Qf2+ {[%mdl 64] Double Attack} 55. Ke5 Qxa7 56. Kd6 Rd3+ 57. Kc6 Qxa2 58. Kb7 Rd7+ 59. Kc6 Qa7 60. Nb6 Rb7 61. Na4 f5 62. Kd6 Qd4+ {[%mdl 64] Double Attack} 63. Kxe6 Rd7 64. Nc5 Qd6#) 0-1

[Event "103rd Marshall Chess Club-ch 2019"]
[Site "New York"]
[Date "2019.11.14"]
[Round "2"]
[White "Steingrimsson, Hedinn"]
[Black "Korley, Kassa"]
[Result "1-0"]
[WhiteElo "2549"]
[BlackElo "2447"]
[Annotator "TA"]
[PlyCount "63"]
[EventDate "2019.11.14"]
[EventType "tourn"]
[EventCountry "USA"]
[SourceTitle "playchess.com"]
[Source "ChessBase"]
[SourceQuality "1"]

{[%evp 20,63,16,15,27,0,0,0,39,44,72,60,75,90,115,142,228,222,393,397,395,421,417,419,419,323,333,322,316,334,325,312,310,305,293,308,457,460,1439,1363,29965,5252,29970,29971,29963,4546]} 1. d4 d5 2. c4 e6 3. Nc3 Nf6 4. cxd5 exd5 5. Bg5 c6 6. e3 Bd6 7. Bd3 O-O 8. Nge2 h6 9. Bh4 Re8 10. h3 Nbd7 11. Qc2 Nf8 {D36: Queen's Gambit Declined: Exchange Variation: Main line (5 Bg5 c6 6 Qc2)} 12. O-O-O b5 13. Kb1 a5 $146 {The position is equal.} ({Predecessor:} 13... Be6 14. g4 Rc8 15. Rhg1 a6 16. g5 Nh5 17. f4 Bd7 18. Bf2 Kh8 19. Ng3 Nxg3 20. Rxg3 {1-0 (35) Paehtz,T (2475)-Mueller,M (2320) Dresden 1994}) 14. e4 {e5 is the strong threat.} b4 15. Bxf6 Qxf6 16. e5 Qxf2 {[#]} 17. Rdf1 $1 $36 {[%cal Rf1f2][%mdl 2048] White is on the roll.} Qh4 (17... Qxg2 $16 18. Rhg1 Qh2) 18. Na4 $18 ({Not} 18. exd6 bxc3 19. Qxc3 Ba6 $11) 18... b3 $2 (18... Qe7 19. exd6 Qxd6) 19. Qxc6 {[%mdl 64] Double Attack} bxa2+ 20. Ka1 Bd7 21. Qxd5 (21. Qxd6 Bxa4 22. Qxd5 Qe7 $16) 21... Bxe5 22. Rxf7 ({Less strong is} 22. dxe5 Qe7 $18) 22... Be6 {[#]} 23. Rxf8+ $1 {[%mdl 512]} Kxf8 (23... Rxf8 24. Qxe6+) 24. Qxe5 Bf7 25. Qc5+ Kg8 26. Nb6 {[%cal Ba4b6,Bb6c4,Bc4e5][%mdl 32]} Rad8 {intending ...Qf2.} 27. Rf1 {Black must now prevent Qf5.} ({Don't play} 27. Qxa5 Qf2 $18) 27... Re7 (27... Qe7 $142) 28. Nc4 Bg6 (28... Rxe2 $142 29. Bxe2 Qxd4 30. Qxd4 Rxd4 31. Nxa5 g5) 29. Bxg6 Rxe2 30. Ne5 Re1+ 31. Rxe1 Qxe1+ 32. Kxa2 {Accuracy: White = 88%, Black = 34%.} 1-0

[Event "103rd Marshall Chess Club-ch 2019"]
[Site "New York"]
[Date "2019.11.14"]
[Round "2"]
[White "Khamrakulov, Djurabek"]
[Black "Krush, Irina"]
[Result "1/2-1/2"]
[WhiteElo "2517"]
[BlackElo "2424"]
[Annotator "TA"]
[PlyCount "63"]
[EventDate "2019.11.14"]
[EventType "tourn"]
[EventCountry "USA"]
[SourceTitle "playchess.com"]
[Source "ChessBase"]
[SourceQuality "1"]

{[%evp 15,63,-2,-6,-4,-4,-4,-4,-5,0,-13,-15,-51,-31,-49,-1,-19,41,44,50,41,34,32,41,37,37,41,65,35,39,36,35,25,35,29,60,22,56,47,38,28,38,33,48,0,0,0,0,0,0,-27]} 1. e4 c5 2. c3 Nf6 3. e5 Nd5 4. Nf3 Nc6 5. d4 cxd4 6. cxd4 d6 7. Bc4 dxe5 8. dxe5 Ndb4 9. Qxd8+ {B22: Sicilian: 2 c3} Nxd8 10. Na3 Be6 11. O-O g6 (11... Bxc4 12. Nxc4 Rc8 13. b3 e6 14. Rd1 Ndc6 15. Bb2 Be7 16. Nd4 Nxd4 17. Bxd4 {½-½ (30) Lin,C (2508)-Vidit,S (2717) China 2019}) 12. Rd1 $146 ({Predecessor:} 12. Nd4 Bxc4 13. Nxc4 Rc8 14. b3 Bg7 15. Be3 O-O 16. a4 Ndc6 17. Nxc6 Nxc6 18. f4 Rfd8 {½-½ (18) Dulany,L (2353)-Jendrian,M (2428) ICCF email 2015}) 12... Bg7 13. b3 O-O 14. Bb2 Nbc6 15. Be2 f6 ({Better is} 15... Bg4 $11) 16. Nb5 $36 {[%cal Ba3b5,Bb5d6,Bd6e4,Be4c5][%mdl 2080] Nc7 is the strong threat. White has good play.} Rc8 {[%cal Rf6e5]} 17. exf6 Bxf6 18. Bxf6 exf6 19. Nd6 Rc7 20. Rac1 a6 21. Kf1 Rd7 22. Ne4 Rxd1+ 23. Rxd1 Kf7 24. Nc5 Ke7 25. Nd4 Bc8 26. Nxc6+ $1 Nxc6 27. Bf3 Rd8 28. Rc1 Rd2 29. Nxa6 (29. Nxb7 $5 Bxb7 30. Bxc6 Bxc6 31. Rxc6 $14) 29... Rxa2 {The position is equal.} 30. Bxc6 {[#] Strongly threatening Nb4.} bxa6 31. Ba4 Bf5 32. Rc3 {Accuracy: White = 59%, Black = 58%.} 1/2-1/2

[Event "103rd Marshall Chess Club-ch 2019"]
[Site "New York"]
[Date "2019.11.14"]
[Round "2"]
[White "Paragua, Mark"]
[Black "Barbosa, Oliver"]
[Result "1/2-1/2"]
[WhiteElo "2496"]
[BlackElo "2532"]
[Annotator "TA"]
[PlyCount "62"]
[EventDate "2019.11.14"]
[EventType "tourn"]
[EventCountry "USA"]
[SourceTitle "playchess.com"]
[Source "ChessBase"]
[SourceQuality "1"]

{[%evp 14,62,36,36,37,28,29,20,28,9,11,10,26,24,27,24,37,0,8,7,10,9,17,19,20,14,18,14,32,3,31,24,23,27,19,19,22,15,12,5,9,7,14,7,27,8,11,9,22,16,23]} 1. c4 c6 2. Nf3 d5 3. g3 Nf6 4. Bg2 g6 5. b3 Bg7 6. Bb2 O-O 7. O-O Bg4 8. d4 Nbd7 {D78: Fianchetto Grünfeld: 6 0-0 c6} 9. h3 (9. Nc3 Qa5 10. Rc1 Bxf3 11. Bxf3 e6 12. e3 Rfc8 13. Qe2 a6 14. Rfd1 b5 15. e4 bxc4 16. bxc4 {1-0 (54) Le,Q (2715)-Melkumyan,H (2660) chess.com INT 2018}) 9... Bxf3 10. Bxf3 e6 11. Nd2 Qe7 $146 ({Predecessor:} 11... a5 12. a4 Rc8 13. e4 Nb8 14. Ba3 Re8 15. e5 Nfd7 16. Bg2 {1-0 (62) Lopukhin,A (2312)-Skomorokhov,K (1895) Tambov 2016}) 12. Qc2 Rac8 13. Rac1 Rfd8 14. e3 Qe8 15. cxd5 cxd5 16. Qb1 Nb8 17. Be2 Rxc1 18. Rxc1 Rc8 19. Nf3 Rxc1+ 20. Qxc1 {Black should prevent Qc7.} Qc6 21. Kf1 Nfd7 22. Qxc6 Nxc6 23. Ne1 Bf8 24. Nd3 Nb4 25. Nxb4 Bxb4 $11 {[%mdl 4096] Endgame KBB-KBN} 26. Bb5 Nb8 27. Ke2 Kf8 28. g4 g5 29. f4 h6 {The position is equal.} 30. Bd3 Nc6 31. Kf3 Ke7 {Accuracy: White = 44%, Black = 45%.} 1/2-1/2

[Event "103rd Marshall Chess Club-ch 2019"]
[Site "New York"]
[Date "2019.11.14"]
[Round "2"]
[White "Sturt, Raven"]
[Black "Panjwani, Raja"]
[Result "1-0"]
[WhiteElo "2466"]
[BlackElo "2450"]
[Annotator "TA"]
[PlyCount "73"]
[EventDate "2019.11.14"]
[EventType "tourn"]
[EventCountry "USA"]
[SourceTitle "playchess.com"]
[Source "ChessBase"]
[SourceQuality "1"]

{[%evp 16,73,9,15,7,9,13,12,6,6,0,0,10,14,13,15,20,18,14,21,15,1,19,23,41,47,62,75,67,56,90,83,94,100,104,78,381,375,380,376,387,380,418,396,512,507,597,566,1127,1039,1173,1172,1154,1059,29979,29971,6326,2865,29987,29988]} 1. e4 c6 2. Nf3 d5 3. Nc3 g6 4. h3 Bg7 5. d4 dxe4 6. Nxe4 Nf6 7. Nxf6+ exf6 8. Bc4 O-O 9. O-O a5 {B15: Caro-Kann: 3 Nc3: 3...g6 and 3...dxe4 4 Nxe4 Nf6 5 Nxf6+ exf6} 10. Re1 (10. a4 Nd7 11. Bf4 Nb6 12. Bb3 Nd5 13. Bh2 Be6 14. Re1 h5 15. Nd2 f5 16. c3 Bh6 17. Nc4 {1-0 (45) Nepomniachtchi,I (2773)-Wei,Y (2736) Moscow 2019}) 10... Na6 11. Bf1 Bf5 $146 {The position is equal.} ({Predecessor:} 11... Nc7 12. c4 Ne6 13. d5 cxd5 14. cxd5 Nc5 15. Bf4 f5 16. Rc1 Ne4 17. Bc7 Qf6 18. Rc2 a4 19. a3 Bd7 20. Be5 Qb6 21. Bc7 Qf6 22. Be5 Qb6 23. Bc7 {½-½ (23) Sokolov,A (2568)-Eingorn,V (2589) Metz 2001}) 12. c3 Nc7 13. b3 Qd7 14. Nh4 Be6 15. c4 Rfd8 16. Bb2 Qd6 17. Qd2 a4 18. Nf3 b5 19. Bc3 f5 20. d5 {[#] Bxg7 is the strong threat.} Bxc3 21. Qxc3 b4 22. Qd4 cxd5 23. c5 $36 {[%mdl 2048] White is on the roll.} Qf8 24. Qxb4 d4 25. Nxd4 Nd5 $2 {[%mdl 8192] [#]} (25... axb3 $16 {is tougher.} 26. Nxb3 (26. axb3 Rab8 $14) 26... Bxb3 27. axb3 Rxa1 28. Rxa1 Ne6) 26. Qc4 $18 ({Weaker is} 26. Nxe6 Nxb4 27. Nxf8 Nc2 $14) 26... Nc7 {[%cal Bd5c7,Bc7e6,Be6f4][%mdl 32]} 27. Nxe6 Nxe6 28. b4 Rd4 29. Qc3 Rad8 30. Rac1 Nf4 31. a3 Rd3 32. Bxd3 Rxd3 33. Qc4 Qh6 34. c6 Nxh3+ 35. gxh3 Qg5+ 36. Kh2 Rf3 37. Qd4 {Accuracy: White = 98%, Black = 30%.} 1-0

[Event "103rd Marshall Chess Club-ch 2019"]
[Site "New York"]
[Date "2019.11.14"]
[Round "2"]
[White "Niemann, Hans Moke"]
[Black "Yudasin, Leonid"]
[Result "1-0"]
[WhiteElo "2436"]
[BlackElo "2507"]
[Annotator "TA"]
[PlyCount "55"]
[EventDate "2019.11.14"]
[EventType "tourn"]
[EventCountry "USA"]
[SourceTitle "playchess.com"]
[Source "ChessBase"]
[SourceQuality "1"]

{[%evp 18,55,37,35,42,33,40,37,36,14,15,17,35,15,33,16,25,22,27,18,32,30,206,206,204,205,210,200,180,207,214,213,196,205,204,185,29994,29995,29995,29996]} 1. d4 Nf6 2. c4 e6 3. Nf3 b6 4. g3 Bb7 5. Bg2 Be7 6. O-O d5 7. cxd5 exd5 8. Qa4+ c6 9. Nc3 O-O 10. Ne5 a5 {E17: Queen's Indian: 4 g3 Bb7 5 Bg2 Be7} 11. Bf4 b5 12. Qc2 Na6 $146 {White is slightly better.} ({Predecessor:} 12... Qb6 13. Rad1 Na6 14. Bg5 Rfd8 15. e4 Nc7 16. Ng4 Ne6 17. Bxf6 Bxf6 18. exd5 cxd5 19. Nxf6+ gxf6 {1-0 (46) Cvitan,O (2465)-Vucinic,P (2350) Novi Sad 1985}) 13. Rad1 Nc7 14. e4 Rc8 15. Bh3 Ne6 16. exd5 cxd5 17. Bxe6 ({Avoid the trap} 17. Nxf7 $2 Kxf7 18. Bxe6+ Kxe6 $19) 17... fxe6 18. Qe2 $36 {[%mdl 2048] Black is under pressure.} b4 19. Na4 Bc6 $2 (19... Qe8 $11 20. b3 Ne4) 20. Nxc6 $18 {[%mdl 64] Discovered Attack} Rxc6 21. Rc1 $1 {[%cal Rc1c6]} Qd7 22. Rxc6 $1 Qxc6 {[#]} 23. Rc1 $1 {[%cal Rc1c6]} Qxa4 24. Qxe6+ Rf7 {[#] aiming for ...Bd8.} 25. Rc7 $1 {[%cal Rc7e7]} Qd1+ 26. Kg2 {Threatening mate with Rc8+.} Qxd4 $2 (26... Qg4 $18 27. Rxe7 Qxe6 28. Rxe6 Rf8) 27. Rc8+ Bf8 {[#]} 28. Rxf8+ $1 {[%mdl 576] Pin, Remove Defender, Back Rank. Accuracy: White = 86%, Black = 39%.} 1-0